header

Mathematical reasoning for elementary teachers (Record no. 252640)

MARC details
000 -LEADER
fixed length control field 00488nam a22001817a 4500
003 - CONTROL NUMBER IDENTIFIER
control field OSt
005 - DATE AND TIME OF LATEST TRANSACTION
control field 20180825115329.0
008 - FIXED-LENGTH DATA ELEMENTS--GENERAL INFORMATION
fixed length control field 160225b xxu||||| |||| 00| 0 eng d
010 ## - LIBRARY OF CONGRESS CONTROL NUMBER
LC control number 2010016529
020 ## - INTERNATIONAL STANDARD BOOK NUMBER
International Standard Book Number 0321693124
040 ## - CATALOGING SOURCE
Transcribing agency N/A
050 ## - LIBRARY OF CONGRESS CALL NUMBER
Classification number QA135.6 .L66 2012
100 ## - MAIN ENTRY--PERSONAL NAME
Personal name Calvin T. Long
245 ## - TITLE STATEMENT
Title Mathematical reasoning for elementary teachers
260 ## - PUBLICATION, DISTRIBUTION, ETC. (IMPRINT)
Place of publication, distribution, etc Boston
Name of publisher, distributor, etc Pearson Addison-Wesley
Date of publication, distribution, etc c2012
300 ## - PHYSICAL DESCRIPTION
Extent xxv,852,(65)p
Other physical details ill,(some col.)
Dimensions 29cm
942 ## - ADDED ENTRY ELEMENTS (KOHA)
Source of classification or shelving scheme Library of Congress Classification
Koha item type Long Loan Books
Holdings
Withdrawn status Lost status Source of classification or shelving scheme Damaged status Not for loan Collection code Home library Current library Shelving location Date acquired Total Checkouts Full call number Barcode Date last seen Date checked out Price effective from Koha item type
    Library of Congress Classification     Non-fiction Rongo University Library Rongo University Library General Stacks 25/02/2016 6 QA135.6 .L66 2012 201610296 25/01/2018 11/01/2018 25/02/2016 Long Loan Books
    Library of Congress Classification       Rongo University Library Rongo University Library   13/04/2016   QA135.6 .L66 2012 201611115 13/04/2016   13/04/2016 Long Loan Books
    Library of Congress Classification     Non-fiction Rongo University Library Rongo University Library General Stacks 25/08/2018 1 QA135.6 .L66 2012 201610369 11/09/2018 25/08/2018 25/08/2018 Long Loan Books
    Library of Congress Classification     Non-fiction Rongo University Library Rongo University Library General Stacks 14/05/2020 1 QA135.6 .L66 2012 20169502 18/03/2026 06/03/2026 14/05/2020 Long Loan Books

© 2026 Rongo University
Contact us: librarian | system librarian | Rongo university